000 00559cam a2200193 4500
001 WS120434
008 021112n 000 0 eng u
035 _a(Sirsi) u120434
245 _aMinisterio della Giustizia
520 _aWeb site for the Italian Ministry of Justice outlining the Italian court system.
650 _aITALY
650 _aEUROPE
650 _aINTERNATIONAL
650 _aGOVERNMENT
650 _aCOURTS
690 _aLAW
856 4 0 _uhttps://www.giustizia.it
_zView the website free of charge at www.giustizia.it...
942 _n0
999 _c120214
_d120214